00601nam a2200169Ia 4500003000900000008004100009020001800050040001600068080001500084110003900099245011200138260005700250300001300307490006500320650002700385650001900412IN-BaIIA211028s9999 xx 000 0 eng d a0-87891-513-3 cIIA Library a517.9bREA aResearch and Education Association 0aREA's problem solversbdifferential equationscResearch and Education Association  aNew JerseybResearch and Education Associationc1993 axv,1390p aREA's problem solvers : A complete solution guide to any tex aDifferential equations aNASA Thesaurus